[Event "Veliko Gradiste Silver Lake op-A"]
[Site "Veliko Gradiste"]
[Date "2023.06.20"]
[Round "4"]
[White "Priyanka, K."]
[Black "Anshuman, K."]
[Result "1-0"]
[WhiteElo "2154"]
[BlackElo "1958"]
[PlyCount "77"]
[EventDate "2023.06.18"]
[EventType "swiss"]
[EventRounds "9"]
[EventCountry "SRB"]
[SourceTitle "CBM 215 Extra"]
[Source "ChessBase"]
[SourceDate "2023.09.30"]
[SourceVersion "1"]
[SourceVersionDate "2023.09.30"]
[SourceQuality "1"]

1. e4 c5 2. Nf3 a6 3. c4 e6 4. Nc3 d6 5. d4 cxd4 6. Nxd4 Nf6 7. Bd3 Be7 8. 0-0 Nc6 9. Be3 0-0 10. h3 e5 11. Nde2 Be6 12. Nd5 Nd7 13. Nec3 g6 14. b4 f5 15. f4 Bf6 16. exf5 gxf5 17. fxe5 Bxe5 18. Rc1 Qh4 19. Nf4 Bxf4 20. Rxf4 Qe7 21. a3 Nce5 22. Bf1 Ng6 23. Rd4 f4 24. Bf2 f3 25. g3 Qg5 26. Rxd6 Nf4 27. Rxe6 Nxe6 28. Qxd7 Nf4 29. Qg4 Qxg4 30. hxg4 Ng6 31. c5 Rad8 32. Bc4+ Kg7 33. Bd5 Rd7 34. Bd4+ Kh6 35. Kf2 Ne7 36. Rh1+ Kg5 37. Rxh7 Rfd8 38. Ne4+ Kg6 39. Rg7+ 1-0

[Event "IND-ch U15 39th"]
[Site "Kolkata"]
[Date "2013.08.13"]
[Round "10"]
[White "Rohan, Ahuja"]
[Black "Anshuman, K."]
[Result "0-1"]
[WhiteElo "2099"]
[BlackElo "1927"]
[PlyCount "80"]
[EventDate "2013.08.06"]
[EventType "swiss"]
[EventRounds "11"]
[EventCountry "IND"]
[SourceTitle "CBM 155 Extra"]
[Source "ChessBase"]
[SourceDate "2013.08.26"]
[SourceVersion "1"]
[SourceVersionDate "2013.08.26"]
[SourceQuality "1"]

1. Nf3 Nf6 2. g3 g6 3. d4 Bg7 4. c4 d6 5. Bg2 0-0 6. 0-0 Nbd7 7. Nc3 c5 8. d5 Ng4 9. h3 Nge5 10. Nd2 Nf6 11. b3 e6 12. Bb2 exd5 13. cxd5 g5 14. Qc2 Nh5 15. e3 f5 16. f4 gxf4 17. exf4 Ng6 18. Kh2 Re8 19. Qd3 Bd4 20. Nd1 Bxb2 21. Nxb2 Qf6 22. Nbc4 b6 23. Rae1 Bd7 24. a4 Rab8 25. Nf3 h6 26. Nfd2 Kh7 27. Nb1 Rg8 28. Qc3 Qf8 29. Re3 a6 30. a5 bxa5 31. Qxa5 Bb5 32. Nba3 Rg7 33. Rfe1 Ngxf4 34. gxf4 Nxf4 35. Bh1 Qf6 36. Qd2 Qh4 37. Nxb5 Rbg8 38. Qc2 Nxh3 39. Qxf5+ Rg6 40. Qxg6+ Rxg6 0-1